00536pam a2200181 a 4500020001700000040000800017082002600025100002000051245005400071260003700125300004300162650002600205650002300231650002500254650003000279650002500309700002000334 a0070357021 : cDLC00a333 MCG 1992 A018 Or.1 aLaarman, Jan G.10aGlobal forests :bissues for six billion people / aNew York :bMcGraw-Hill,cc1992. axxviii, 337 p. :bill., maps ;c25 cm. 0aForests and forestry. 0aForest management. 0aForests and forestry 0aForest products industry. 0aForests and forestry1 aSedjo, Roger A.